| 000 | 00786nam a2200241Ia 4500 | ||
|---|---|---|---|
| 003 | OSt | ||
| 005 | 20220923225335.0 | ||
| 006 | a|||||r|||| 00| 0 | ||
| 007 | ta | ||
| 008 | 220922b |||||||| |||| 00| 0 hin d | ||
| 024 | _a263,695 | ||
| 037 | _cTextual | ||
| 040 |
_aARTS _cARTS _bhin |
||
| 041 |
_2hin _ahin |
||
| 082 | _aV2,32.N91<-N89, 152N2 | ||
| 245 | 0 | _aभारतीय संसद नौवीं लोक सभा 1989-91 | |
| 246 | _aBhāratīya sansad nauvīan lok sabhā 1989-91 | ||
| 260 |
_aनई दिल्ली _b नार्दर्न बुक सेंटर _c1992 |
||
| 300 |
_a1+63पृ. _ccm. |
||
| 650 | _aविश्व-इतिहास | ||
| 942 |
_hV2,32.N91<-N89, 152N2 _cTEXL _2CC |
||
| 999 |
_c377646 _d377646 |
||